000 01133nam a2200289Ia 4500
005 20240530094619.0
008 130821s2005 sp gr spa
020 _a8483104202
040 _aCo-BoUCM
_bspa
_cLuz Cupitra (modificó)
_dDavid Moreno (modificó)
041 0 0 _aspa
100 1 _aEinstein, Albert
_d1879-1955
_944977
245 1 0 _aMi visión del mundo
_cAlbert Einstein; traducción de Sara Gallardo y Marianne Bübeck
260 _aBarcelona (España)
_bTusquets Editores
_c2005
300 _a233 Páginas
490 _aMetatemas
_v90
586 _aPremio Nobel de Física, 1921.
600 _aEinstein, Albert
_d1879-1955
_vColecciones de escritos
_974522
650 0 4 _aCiencia y civilización
_vEnsayos, conferencias, etc.
_910783
650 0 4 _aCiencias naturales
_910813
650 0 4 _aFilosofía política
_vEnsayos, conferencias, etc.
_949106
650 0 4 _aRelatividad (Física)
_vEnsayos, conferencias, etc.
_974523
700 1 _aBübeck, Marianne
_974524
700 1 _aGallardo, Sara
_974525
765 1 0 _aMein weltbild.
942 _cLIBRO
_a25
_e1
_mE357m
_2DEWEY
_h501
_n0
999 _c49758
_d49758